00414nam a2200157Ia 4500003000400000008004100004040001600045082001900061100002300080245004300103260004300146300000700189650002600196650001300222650002100235GCL140319s9999 xx 000 0 eng d aGCL / cGCL04aCHb028.5bL B1 aLIBRAIRIE DU LIBAN10aANIMALS AT WORK / cLIBRAIRIE DU LIBAN a[S.N] : bLIBRAIRIE DU LIBAN ، c1991 a3204aCHILDREN - LITERATURE04aCHILDREN04aCHILDREN - BOOKS